Pays qui ont des frontières avec la France - Statistiques

Statistiques générales
  • Ce quiz a été pris 221 fois
  • Le résultat moyen est 7 sur 11
Statistiques - réponses
Km de frontière Pays % Correct
623 Espagne
89%
730 Brésil ( Avec la Guyane )
88%
620 Belgique
74%
573 Suisse
72%
4 Monaco
68%
448 Allemagne
65%
515 Italie
62%
57 Andorre
61%
73 Luxembourg
53%
520 Suriname ( Avec la Guyane )
36%
13 Pays-Bas ( Avec Saint-Martin )
34%
Aucun quiz correspondant
Distribution des résultats
% des personnes avec chaque résultat
Percentile par nombre de réponses
Votre historique - résultats
Vous n’avez pas pris ce quiz